| 000 | 00489nam a2200133Ia 4500 | ||
|---|---|---|---|
| 008 | 210210b2000 xxu||||| |||| 00| 0 eng d | ||
| 082 | _a338.003 COUW | ||
| 100 | _aCOUNCIL OF SCIENTIFIC & INDUSTRIAL RESEARCH. | ||
| 245 | _aWealth of India:a dictionary of Indian raw materials and industrial products. First supplement series V1: A-Ci. | ||
| 260 |
_aNew Delhi. _bNational Institute of Science Communication., _c2000 |
||
| 650 | _aRaw Materials | ||
| 690 | _aDictionaries | ||
| 906 | _a057071 | ||
| 999 |
_c104263 _d104263 |
||